[Event "FRA-chT3 Gr12 0304"]
[Site "Loire"]
[Date "2004.04.04"]
[Round "7.5"]
[White "Trouillet, Francois"]
[Black "Mech, Emmanuel"]
[Result "1-0"]
[WhiteElo "1830"]
[BlackElo "1530"]
[PlyCount "52"]
[EventDate "2003.10.12"]
[EventType "team"]
[EventRounds "9"]
[EventCountry "FRA"]
[SourceTitle "EXT 2008"]
[Source "ChessBase"]
[SourceDate "2007.11.25"]
[SourceVersion "1"]
[SourceVersionDate "2007.11.25"]
[SourceQuality "1"]

1. e4 e6 2. d4 c5 3. Nf3 cxd4 4. Nxd4 Nc6 5. Nc3 Bc5 6. Be3 Nxd4 7. Bxd4 Bxd4 8. Qxd4 Qg5 9. Nb5 Kd8 10. Nd6 Nh6 11. Bb5 a6 12. Nxc8 Qxb5 13. Nd6 e5 14. Qc3 Qc6 15. Qxe5 f6 16. Qg3 g5 17. 0-0-0 Rf8 18. h4 Nf7 19. hxg5 Nxg5 20. e5 h6 21. Rxh6 Ne6 22. Rxf6 Rxf6 23. exf6 Kc7 24. Nc4+ d6 25. Rxd6 Qa4 26. Rxe6+ Kd7 1-0